Historia de la prodigiosa vida, virtudes, milagros, y profecias del segundo angel del Apocalypsi, y apostol valenciano de las Indias Occidentales San Luis Bertran, taumaturgo en milagros, profeta excelso, y martir por eminencia. Con reflexiones al espiritu, sacadas de su propria doctrina, al fin de cada capitulo, y las admirables vidas de sus venerables maestros, y dicipulos [sic]. Y quatro copiosos indices: el primero, para predicar su novena. El segundo, un diario por todo el año de maravillas, y cosas singulares del santo. El tercero, de capitulos, y reflexiones. Y el quarto, de cosas notables / compuesta por el M. R. P. M. Fr. Francisco Vidal Micò, capellan del santo, prior, y regente de estudios que fue del Real Convento de Predicadores de Valencia, y vicario general de la provincia de Aragon. Quien la dedica al mismo santo, y con digna memoria de la excellentissima señora Condesa de la Alcaldia, que para custodia de su milagroso cuerpo hizo laborar la preciosa urna de plata

Detalles Bibliográficos
Autor principal: Vidal y Mico, Francisco, O. P., 1666-1749
Formato: Libro
Lenguaje:Spanish
Publicado: en Valencia : en la oficina de Joseph Thomàs Lucas, impressor del Illustriss. Sr. obispo de Teruel, 1743.
Materias:
Colección:Banco de datos
Acervo:Universidad Autónoma Benito Juárez de Oaxaca. Biblioteca Francisco de Burgoa. Colección antigua
Descripción Física:[6] h., 531 p. ; f°
Tema general:Hagiografía
Notas:Portada tipográfica a dos tintas con orla y pleca en grabado xilográfico. Texto a dos columnas con paginación en números arábigos, apostillas marginales, reclamos y signaturas. Incluye cabecera de título con motivos florales en grabado xilográfico. Incluye capitular con motivos florales en grabado xilográfico. Encuadernación en pergamino. Marca de fuego: Casa del Noviciado de la Compañía de Jesús de Oaxaca, Oax. Marca de fuego: Convento de Santo Domingo de Oaxaca, Oax.
LEADER 02440nam a22002170004500
035 |a 970 
041 0 |a spa 
100 1 |a Vidal y Mico, Francisco, O. P., 1666-1749 
245 1 0 |a Historia de la prodigiosa vida, virtudes, milagros, y profecias del segundo angel del Apocalypsi, y apostol valenciano de las Indias Occidentales San Luis Bertran, taumaturgo en milagros, profeta excelso, y martir por eminencia. Con reflexiones al espiritu, sacadas de su propria doctrina, al fin de cada capitulo, y las admirables vidas de sus venerables maestros, y dicipulos [sic]. Y quatro copiosos indices: el primero, para predicar su novena. El segundo, un diario por todo el año de maravillas, y cosas singulares del santo. El tercero, de capitulos, y reflexiones. Y el quarto, de cosas notables / compuesta por el M. R. P. M. Fr. Francisco Vidal Micò, capellan del santo, prior, y regente de estudios que fue del Real Convento de Predicadores de Valencia, y vicario general de la provincia de Aragon. Quien la dedica al mismo santo, y con digna memoria de la excellentissima señora Condesa de la Alcaldia, que para custodia de su milagroso cuerpo hizo laborar la preciosa urna de plata 
260 |a en Valencia : en la oficina de Joseph Thomàs Lucas, impressor del Illustriss. Sr. obispo de Teruel, 1743. 
300 |a [6] h., 531 p. ; f° 
500 |a Portada tipográfica a dos tintas con orla y pleca en grabado xilográfico. Texto a dos columnas con paginación en números arábigos, apostillas marginales, reclamos y signaturas. Incluye cabecera de título con motivos florales en grabado xilográfico. Incluye capitular con motivos florales en grabado xilográfico. Encuadernación en pergamino. Marca de fuego: Casa del Noviciado de la Compañía de Jesús de Oaxaca, Oax. Marca de fuego: Convento de Santo Domingo de Oaxaca, Oax.  
504 |a Al principio de la obra está la fe de erratas 
504 |a Al final de la obra están el índice de los libros y capítulos, índice de las reflexiones al espíritu y el índice de las cosas notables 
600 1 4 |a Luis Beltrán, santo, 1526-1581-Biografías 
600 1 4 |a Condesa de Alcaldia 
650 1 0 |a Hagiografía 
852 |a Universidad Autónoma "Benito Juárez" de Oaxaca, Biblioteca Francisco de Burgoa, Colección antigua 2423 
942 |c BURANT 
943 |g Universidad Autónoma Benito Juárez de Oaxaca. Biblioteca Francisco de Burgoa. Colección antigua 
999 |c 1111981  |d 1111981